[Event "10th EICC"]
[Site "Budva MNE"]
[Date "2009.03.06"]
[Round "1"]
[White "Vallejo Pons,F"]
[Black "Doric,D"]
[Result "1/2-1/2"]
[WhiteElo "2702"]
[BlackElo "2477"]
[EventDate "2009.03.06"]

1. d4 Nf6 2. c4 e6 3. Nc3 Bb4 4. e3 c5 5. Bd3 d5 6. cxd5 exd5 7. Nge2 O-O
8. O-O Re8 9. a3 Bxc3 10. Nxc3 cxd4 11. exd4 h6 12. Bf4 Nc6 13. Nb5 Re7 14.
Bd6 Re6 15. Bg3 Ne8 16. Rc1 a6 17. Nc3 Nf6 18. Bb1 Qb6 19. Ba2 Qxb2 20.
Nxd5 Nxd4 21. Nc7 Ne2+ 22. Kh1 Qxa2 23. Rc2 Nxg3+ 24. hxg3 Qxa3 25. Qd8+
Qf8 26. Qxf8+ Kxf8 27. Nxa8 Bd7 28. Rc7 Bc6 29. Rd1 Nd5 30. Rc8+ Re8 31.
Rxe8+ Kxe8 32. Rxd5 Bxd5 33. Nc7+ Kd7 34. Nxd5 Kc6 35. Ne3 Kc5 36. Kg1 Kd4
37. Kf1 Kd3 38. Nd5 Kc4 39. Nb6+ Kc5 40. Nd7+ Kd6 41. Nb6 Kc5 42. Nd7+ Kd6
1/2-1/2

[Event "10th EICC"]
[Site "Budva MNE"]
[Date "2009.03.06"]
[Round "1"]
[White "Arsovic,Z"]
[Black "Akopian,Vl"]
[Result "0-1"]
[WhiteElo "2475"]
[BlackElo "2700"]
[EventDate "2009.03.06"]

1. Nf3 d5 2. d4 Nf6 3. c4 c6 4. e3 Bf5 5. Nc3 e6 6. Nh4 Bg6 7. Be2 Nbd7 8.
O-O Bd6 9. g3 O-O 10. Nxg6 hxg6 11. Qb3 Rb8 12. Rd1 Qe7 13. Qc2 Rfe8 14.
Bd2 a6 15. c5 Bc7 16. f4 Ba5 17. Bf3 b6 18. cxb6 Nxb6 19. Na4 Bxd2 20. Rxd2
Nxa4 21. Qxa4 c5 22. Qxa6 c4 23. Qa4 Rb4 24. Qc2 Reb8 25. b3 cxb3 26. axb3
Rxb3 27. Ra8 Qb4 28. Rxb8+ Qxb8 29. Kf2 Ne8 30. e4 dxe4 31. Qxe4 Qb4 32.
Qc2 Nd6 33. g4 Rc3 34. Qb2 Rb3 35. Qc2 Nc4 36. Re2 Rc3 37. Qe4 Ra3 38. Bg2
Nd6 39. Qe5 Nc4 40. Qc7 Kh7 41. f5 gxf5 42. gxf5 Ne3 43. Qc5 Ng4+ 44. Kg1
Qb1+ 45. Bf1 Rf3 0-1

[Event "10th EICC"]
[Site "Budva MNE"]
[Date "2009.03.06"]
[Round "1"]
[White "Naiditsch,A"]
[Black "Swiercz,D"]
[Result "1-0"]
[WhiteElo "2693"]
[BlackElo "2472"]
[EventDate "2009.03.06"]

1. e4 c5 2. Nf3 d6 3. d4 cxd4 4. Nxd4 Nf6 5. Nc3 a6 6. Bg5 e6 7. f4 Qc7 8.
Qe2 Nc6 9. O-O-O Nxd4 10. Rxd4 Be7 11. g4 h6 12. Bh4 g5 13. e5 dxe5 14. Rc4
Qb8 15. fxg5 hxg5 16. Bg3 Nd7 17. Bg2 b5 18. Rc6 b4 19. Nb1 O-O 20. h4 Bb7
21. Nd2 Rd8 22. hxg5 Bxg5 23. Kb1 Nf6 24. Nc4 Bxc6 25. Bxc6 Qc8 26. Qxe5
Qxc6 27. Qxg5+ Kf8 28. Qh6+ Ke8 29. Ne5 Qg2 30. g5 Ng8 31. Qh7 Ke7 32.
Qxf7+ Kd6 33. Rd1+ Kc5 34. Qc7+ Kb5 35. Qc4+ Ka4 36. b3+ 1-0

[Event "10th EICC"]
[Site "Budva MNE"]
[Date "2009.03.06"]
[Round "1"]
[White "Todorovic,GM"]
[Black "Malakhov,V"]
[Result "1/2-1/2"]
[WhiteElo "2471"]
[BlackElo "2692"]
[EventDate "2009.03.06"]

1. e4 c5 2. Nf3 Nc6 3. d4 cxd4 4. Nxd4 Nf6 5. Nc3 d6 6. Bc4 Bd7 7. Nxc6
Bxc6 8. Qe2 g6 9. Bg5 Bg7 10. O-O-O h6 11. Bh4 Qb6 12. f3 Nd7 13. e5 Bxe5
14. Bxe7 Kxe7 15. f4 Qc5 16. fxe5 Nxe5 17. Bd5 f5 18. Rhf1 Raf8 19. Rf4 Rf6
20. Rc4 Qb6 21. Rcd4 Kf8 22. Bxc6 Qxc6 23. Nd5 Re6 24. Nf4 Rf6 25. Nd5 Re6
26. Nf4 1/2-1/2

[Event "10th EICC"]
[Site "Budva MNE"]
[Date "2009.03.06"]
[Round "1"]
[White "Dreev,A"]
[Black "Can,E"]
[Result "1-0"]
[WhiteElo "2688"]
[BlackElo "2471"]
[EventDate "2009.03.06"]

1. d4 Nf6 2. c4 c5 3. d5 e5 4. Nc3 d6 5. e4 Be7 6. Bd3 Nbd7 7. Nge2 a6 8.
O-O h5 9. a3 h4 10. b4 Nh5 11. Bc2 Bg5 12. Ba4 Qf6 13. bxc5 dxc5 14. Rb1
Rb8 15. Bxg5 Qxg5 16. Qc1 Qxc1 17. Nxc1 Nhf6 18. Nd3 Ke7 19. f4 exf4 20. e5
Ng4 21. Bxd7 Bxd7 22. Rxf4 g5 23. Rf3 b5 24. d6+ Kd8 25. Rxf7 Re8 26. Nxc5
Nxe5 27. Rg7 Rb6 28. cxb5 axb5 29. Nd5 Rc6 30. Nxd7 Nxd7 31. Nc7 Rh8 32.
Ne6+ Kc8 33. Nxg5 Re8 34. Rd1 Rc3 35. h3 Re2 36. Nf3 Ree3 37. Nd4 Rg3 38.
Nxb5 Rxa3 39. Rc1+ Kd8 40. Rxd7+ Kxd7 41. Nxa3 1-0

[Event "10th EICC"]
[Site "Budva MNE"]
[Date "2009.03.06"]
[Round "1"]
[White "Vitiugov,N"]
[Black "Pap,M"]
[Result "1-0"]
[WhiteElo "2687"]
[BlackElo "2469"]
[EventDate "2009.03.06"]

1. d4 Nf6 2. Bg5 Ne4 3. Bf4 c5 4. f3 Qa5+ 5. c3 Nf6 6. d5 d6 7. e4 e6 8.
Qd2 exd5 9. exd5 Be7 10. c4 Qxd2+ 11. Kxd2 b5 12. Nc3 bxc4 13. Bxc4 Nbd7
14. Kc2 Nb6 15. Bb5+ Kd8 16. Rd1 Bb7 17. Nh3 Nbxd5 18. Rhe1 Nxf4 19. Nxf4
g5 20. Nd3 Rc8 21. Ne5 Rf8 22. Bc4 Ke8 23. Ng4 Nxg4 24. Rxd6 f6 25. fxg4
Rc7 26. Bd5 Bxd5 27. Nxd5 Kf7 28. Rde6 Rd7 29. Rxe7+ 1-0

[Event "10th EICC"]
[Site "Budva MNE"]
[Date "2009.03.06"]
[Round "1"]
[White "Cheparinov,I"]
[Black "Bruno,Fabi"]
[Result "1-0"]
[WhiteElo "2679"]
[BlackElo "2461"]
[EventDate "2009.03.06"]

1. e4 e6 2. d4 d5 3. Nc3 Nf6 4. e5 Nfd7 5. f4 c5 6. Nf3 Nc6 7. Be3 Be7 8.
Qd2 O-O 9. dxc5 Nxc5 10. O-O-O a6 11. Kb1 b6 12. Qe1 Qc7 13. f5 Ne4 14. f6
gxf6 15. Nxe4 dxe4 16. Bh6 Kh8 17. exf6 Bxf6 18. Bxf8 exf3 19. Bd6 Qd7 20.
Qe4 Bg7 21. Qxf3 Bb7 22. Bf8 Qxd1+ 23. Qxd1 Rxf8 24. Qf3 b5 25. Bd3 Kg8 26.
Qe4 1-0

[Event "10th EICC"]
[Site "Budva MNE"]
[Date "2009.03.06"]
[Round "1"]
[White "Kalezic,B"]
[Black "Motylev,A"]
[Result "0-1"]
[WhiteElo "2460"]
[BlackElo "2676"]
[EventDate "2009.03.06"]

1. e4 c6 2. d4 d5 3. f3 e6 4. Nc3 Bb4 5. Nge2 dxe4 6. fxe4 e5 7. a3 Ba5 8.
Be3 Nf6 9. Qd3 O-O 10. O-O-O Ng4 11. Bg1 exd4 12. Nxd4 Qg5+ 13. Kb1 Ne5 14.
Nf3 Nxd3 15. Nxg5 Ne5 16. Bd4 Nbd7 17. Be2 Bc7 18. Nf3 b5 19. Rd2 Re8 20.
Nd1 Ng4 21. c4 c5 22. Bc3 Ndf6 23. Bxf6 Nxf6 24. Nf2 b4 25. axb4 cxb4 26.
Nd4 Bb7 27. Bf3 Nxe4 28. Nxe4 Bxe4+ 29. Bxe4 Rxe4 30. c5 g6 31. g3 Rd8 32.
Rhd1 Re5 33. Nb3 Rxd2 34. Rxd2 a5 35. Rc2 a4 36. Nd4 b3 37. Rc1 Rd5 38. Nb5
Be5 39. Rc4 Rd1+ 40. Rc1 Rd2 41. Nc3 Bxc3 42. Rxc3 Rd1+ 43. Rc1 Rxc1+ 44.
Kxc1 Kf8 45. Kd2 f5 46. h4 h6 47. Kc3 g5 48. hxg5 hxg5 49. Kb4 f4 50. gxf4
gxf4 51. Ka5 a3 0-1

[Event "10th EICC"]
[Site "Budva MNE"]
[Date "2009.03.06"]
[Round "1"]
[White "Nisipeanu,LD"]
[Black "Bykhovsky,An ISR"]
[Result "1-0"]
[WhiteElo "2675"]
[BlackElo "2459"]
[EventDate "2009.03.06"]

1. e4 c5 2. Nf3 Nc6 3. Bb5 g6 4. Bxc6 dxc6 5. d3 Bg7 6. h3 Nf6 7. Nc3 Nd7
8. Be3 e5 9. Qd2 h6 10. g4 Qe7 11. O-O-O Nf8 12. Ne2 Ne6 13. c3 Bd7 14. Ng3
O-O-O 15. Qc2 Kb8 16. Nd2 Nf4 17. Nb3 b6 18. Ne2 Ng2 19. Bd2 Be6 20. c4 h5
21. Rhg1 Nh4 22. Rg3 f5 23. gxf5 gxf5 24. Rdg1 Bf6 25. f4 fxe4 26. dxe4 Qf7
27. Rf1 Be7 28. Bc3 Bd6 29. Nd2 Rhf8 30. Qa4 exf4 31. Rg7 f3 32. Rxf7 Rxf7
33. Ng1 f2 34. Qxc6 fxg1=Q 35. Rxg1 Rc7 36. Qa4 Bf4 37. Rf1 Ng2 38. Rf2
Bxh3 39. Qd1 Be3 40. Qf3 Bxf2 41. Qxf2 Rd3 42. Be5 Kb7 43. Bxc7 Kxc7 44.
Qf7+ Kc6 45. Nf3 Re3 46. Qxh5 1-0

[Event "10th EICC"]
[Site "Budva MNE"]
[Date "2009.03.06"]
[Round "1"]
[White "Erdogdu,M"]
[Black "Areshchenko,A"]
[Result "1-0"]
[WhiteElo "2460"]
[BlackElo "2673"]
[EventDate "2009.03.06"]

1. e4 e5 2. Nf3 Nc6 3. Bb5 Nf6 4. d3 d6 5. c3 a6 6. Ba4 g6 7. O-O Bg7 8.
Re1 O-O 9. Bg5 h6 10. Bh4 Qe8 11. Nbd2 Nd7 12. Bc2 f5 13. exf5 gxf5 14. d4
e4 15. Nxe4 fxe4 16. Rxe4 Qh5 17. Qd3 Nb6 18. Re6 Rxf3 19. Qh7+ Kf8 20. Bg6
Bxe6 21. Bxh5 Bf5 22. Bg6 Bxg6 23. Qxg6 Rf7 24. Re1 Nd5 25. Qc2 Nde7 26. g4
b5 27. Bg3 Nd5 28. Qe4 Nce7 29. f4 Rb8 30. f5 h5 31. h3 Bf6 32. Bf4 hxg4
33. hxg4 Nxf4 34. Qxf4 Nd5 35. Qf3 c6 36. Re6 Re8 37. Qg3 Be7 38. Qh2 Rg7
39. Qh8+ Kf7 40. Qh5+ Kf8 41. Rg6 Bf6 42. g5 Rxg6 43. Qxg6 Re1+ 44. Kf2
Re2+ 45. Kf1 Re4 46. gxf6 Rg4 47. Qh7 Nxf6 48. Qc7 1-0

[Event "10th EICC"]
[Site "Budva MNE"]
[Date "2009.03.06"]
[Round "1"]
[White "Timofeev,Arty"]
[Black "Dembo,Y"]
[Result "1-0"]
[WhiteElo "2671"]
[BlackElo "2456"]
[EventDate "2009.03.06"]

1. Nf3 Nf6 2. g3 g6 3. b3 Bg7 4. Bb2 O-O 5. Bg2 d6 6. d4 e5 7. dxe5 Nfd7 8.
O-O dxe5 9. e4 Nc6 10. Nbd2 b6 11. Qe2 a5 12. Rfd1 Ba6 13. Nc4 Qe7 14. Bf1
Nc5 15. c3 f5 16. Ba3 b5 17. exf5 gxf5 18. Rd5 b4 19. cxb4 axb4 20. Bb2 Ne4
21. Rad1 Nf6 22. R5d2 e4 23. Nh4 Qe6 24. Qe3 Rf7 25. Qf4 Ne8 26. Bxg7 Nxg7
27. Rd5 Qf6 28. Rd7 Ne6 29. Rxf7 Kxf7 30. Qxf5 Qxf5 31. Nxf5 Kf6 32. Nfe3
Bxc4 33. Bxc4 Rxa2 34. Bd5 Ncd4 35. Bxe4 c5 36. Bd5 Rb2 37. Rd3 Ne2+ 38.
Kf1 Nc1 39. Ng4+ Kf5 40. Rf3+ Kxg4 41. h3+ Kg5 42. Bxe6 Rc2 43. h4+ Kh6 44.
g4 Ne2 45. Rf6+ Kg7 46. g5 h5 47. f4 Ng3+ 48. Ke1 Rh2 49. Rf7+ Kh8 50. Bd5
Re2+ 51. Kd1 Re3 52. Bc4 1-0

[Event "10th EICC"]
[Site "Budva MNE"]
[Date "2009.03.06"]
[Round "1"]
[White "Papadopoulos,I"]
[Black "Volokitin,And"]
[Result "0-1"]
[WhiteElo "2455"]
[BlackElo "2671"]
[EventDate "2009.03.06"]

1. e4 e5 2. Nf3 Nc6 3. Bb5 Nf6 4. O-O Nxe4 5. Re1 Nd6 6. Nxe5 Be7 7. Bf1
Nxe5 8. Rxe5 O-O 9. d4 Bf6 10. Re1 Nf5 11. c3 d5 12. Bf4 Nh4 13. Nd2 Bf5
14. Qb3 b6 15. g3 Ng6 16. Be3 Qd7 17. Bg2 c6 18. Rac1 Rfe8 19. c4 Be6 20.
cxd5 Bxd5 21. Bxd5 cxd5 22. Nb1 h5 23. Nc3 Rad8 24. Qd1 Qh3 25. Qf3 Nh4 26.
Qh1 Qg4 27. h3 Nf3+ 28. Kf1 Qf5 29. Red1 g5 30. Kg2 Bg7 31. Qf1 g4 32. h4
b5 33. Qd3 Ne1+ 0-1

[Event "10th EICC"]
[Site "Budva MNE"]
[Date "2009.03.06"]
[Round "1"]
[White "Jobava,Ba"]
[Black "Pogorelov,R"]
[Result "1-0"]
[WhiteElo "2669"]
[BlackElo "2451"]
[EventDate "2009.03.06"]

1. c4 c5 2. Nc3 g6 3. g3 Bg7 4. Bg2 Nc6 5. Nf3 e6 6. O-O Nge7 7. d3 O-O 8.
Bg5 h6 9. Bd2 b6 10. a3 Bb7 11. Qc1 Kh7 12. b4 cxb4 13. axb4 d5 14. Rb1
dxc4 15. dxc4 Qc8 16. Ne4 Qc7 17. c5 Nd8 18. Bf4 e5 19. Nxe5 g5 20. Ng6
gxf4 21. Nxf8+ Bxf8 22. c6 Bc8 23. Nf6+ Kg6 24. Ne8 Qe5 25. Rd1 Bf5 26. c7
Ne6 27. Bxa8 Bxb1 28. Qxb1+ f5 29. Qa1 Qxa1 30. Rxa1 a5 31. bxa5 bxa5 32.
Rxa5 1-0

[Event "10th EICC"]
[Site "Budva MNE"]
[Date "2009.03.06"]
[Round "1"]
[White "Haznedaroglu,K"]
[Black "Fressinet,L"]
[Result "1/2-1/2"]
[WhiteElo "2451"]
[BlackElo "2666"]
[EventDate "2009.03.06"]

1. e4 e5 2. Nf3 Nc6 3. Bb5 a6 4. Bxc6 dxc6 5. O-O Bd6 6. d4 exd4 7. Qxd4 f6
8. Be3 Ne7 9. Nbd2 Be6 10. Rad1 Ng6 11. Nc4 Bxc4 12. Qxc4 Qe7 13. Rfe1
O-O-O 14. c3 Rhe8 15. Bc1 c5 16. g3 Qe6 17. Qxe6+ Rxe6 18. Kf1 Rde8 19. Nd2
Ne5 20. f4 Nc6 21. Kf2 b5 22. Kf3 c4 23. b3 cxb3 24. Nxb3 Bf8 25. Nd4 Rd6
26. Nf5 Rxd1 27. Rxd1 Rd8 28. Rxd8+ Nxd8 29. h4 Kd7 30. h5 Ne6 31. Nd4 c5
32. Nxe6 Kxe6 33. f5+ Kd7 34. e5 fxe5 35. Ke4 Kd6 36. Bg5 a5 37. h6 b4 38.
Bd8 a4 39. cxb4 cxb4 40. Ba5 Kc5 41. Bc7 gxh6 42. Bxe5 h5 43. f6 Kc6 44.
Kd4 Kd7 45. Kd5 h6 46. Bd4 Bd6 47. f7 b3 48. axb3 axb3 49. Bg7 Be7 50. Kc4
Ke6 51. Kxb3 Kxf7 52. Bxh6 Bd6 53. Kc2 Kg6 54. Be3 Kf5 55. Kd3 Kg4 56. Ke2
Bxg3 1/2-1/2

[Event "10th EICC"]
[Site "Budva MNE"]
[Date "2009.03.06"]
[Round "1"]
[White "D'Costa,L"]
[Black "Guseinov,G"]
[Result "1/2-1/2"]
[WhiteElo "2445"]
[BlackElo "2661"]
[EventDate "2009.03.06"]

1. d4 Nf6 2. c4 g6 3. Nc3 Bg7 4. e4 d6 5. h3 O-O 6. Bg5 a6 7. Bd3 c5 8. d5
b5 9. Nf3 b4 10. Ne2 e6 11. Qd2 Re8 12. O-O e5 13. Nh2 Ra7 14. g4 Nbd7 15.
Kg2 Qe7 16. Ng3 Qf8 17. Rh1 a5 18. Be3 h6 19. Rag1 Nb6 20. Kf1 a4 21. Qc1
Kh8 22. Nf3 Ng8 23. Rh2 Rae7 24. Rhg2 Rc7 25. Nh2 f6 26. Ke2 Rf7 27. h4
Ree7 28. h5 g5 29. f3 1/2-1/2

[Event "10th EICC"]
[Site "Budva MNE"]
[Date "2009.03.06"]
[Round "1"]
[White "Sokolov,Iv NED"]
[Black "Chibukhchian,A"]
[Result "1-0"]
[WhiteElo "2657"]
[BlackElo "2444"]
[EventDate "2009.03.06"]

1. d4 d5 2. Nf3 Bf5 3. c4 e6 4. Nc3 Nc6 5. cxd5 exd5 6. Bf4 Bb4 7. Rc1 Nf6
8. a3 Bxc3+ 9. Rxc3 Ne4 10. Rc1 g5 11. Be3 f6 12. h4 g4 13. Nd2 Qe7 14. Bf4
Nd6 15. Qb3 Be6 16. e3 O-O 17. Be2 Kh8 18. O-O f5 19. g3 Nd8 20. Rc5 c6 21.
Rfc1 N8f7 22. Qd1 Rad8 23. b4 a6 24. a4 Ne4 25. Nxe4 dxe4 26. Bc4 Rd7 27.
Qb3 Bxc4 28. Qxc4 Nd6 29. Qc3 Kg8 30. d5 cxd5 31. Rxd5 Ne8 32. Rcd1 Rxd5
33. Rxd5 Qe6 34. Qd4 Nf6 35. Rd6 Qf7 36. Bh6 Rc8 37. Rxf6 1-0

[Event "10th EICC"]
[Site "Budva MNE"]
[Date "2009.03.06"]
[Round "1"]
[White "Kapnisis,S"]
[Black "Inarkiev,E"]
[Result "0-1"]
[WhiteElo "2441"]
[BlackElo "2656"]
[EventDate "2009.03.06"]

1. e4 e5 2. Nf3 Nc6 3. Bc4 Nf6 4. d3 Bc5 5. c3 a6 6. Bb3 O-O 7. O-O Ba7 8.
Be3 d5 9. Nbd2 Bxe3 10. fxe3 dxe4 11. Nxe4 Nxe4 12. dxe4 Qe7 13. Bd5 Nd8
14. Qe1 c6 15. Bb3 a5 16. Qg3 a4 17. Bc2 f6 18. Nh4 Be6 19. Nf5 Qc7 20. Rf2
Kh8 21. a3 b5 22. Qh4 Nb7 23. g4 Nc5 24. Kh1 Bb3 25. Ng3 Bxc2 26. Rxc2 Qd8
27. Qh3 Qd3 28. Qg2 Qxe3 29. Re2 Qg5 30. Nf5 Rad8 31. h4 Qg6 32. Rg1 Rd3
33. Rd2 Rfd8 34. Rgd1 h5 35. g5 fxg5 36. hxg5 Rxd2 37. Rxd2 Rxd2 38. Qxd2
Kh7 39. Qd8 Ne6 40. Qe7 Nxg5 41. Qxe5 Nf3 0-1

[Event "10th EICC"]
[Site "Budva MNE"]
[Date "2009.03.06"]
[Round "1"]
[White "Grachev,B"]
[Black "Durarbeyli,V"]
[Result "0-1"]
[WhiteElo "2655"]
[BlackElo "2439"]
[EventDate "2009.03.06"]

1. Nf3 Nf6 2. c4 c5 3. g3 b6 4. Bg2 Bb7 5. O-O e6 6. Nc3 Be7 7. d4 cxd4 8.
Qxd4 d6 9. b3 O-O 10. Bb2 Nbd7 11. e4 a6 12. h3 Qc7 13. Qe3 Rfe8 14. Nd4
Bf8 15. Rfe1 Rac8 16. Rad1 Qb8 17. g4 h6 18. Kh1 Qa8 19. f4 e5 20. Nf5 b5
21. g5 Nh5 22. fxe5 Nxe5 23. gxh6 g6 24. Nxd6 Bxd6 25. Rxd6 bxc4 26. Na4
Qb8 27. Qd4 Kh7 28. Nc5 Qc7 29. b4 a5 30. a3 axb4 31. axb4 Re7 32. Rd1 Ba8
33. Bc3 Ng3+ 34. Kh2 Ne2 35. Qd2 Rd8 36. Bxe5 Rxe5 37. Nd7 Re6 38. e5 Rxd7
39. Bxa8 c3 40. Qd5 c2 41. Rxd7 cxd1=Q 42. Qxd1 Qxe5+ 43. Kh1 Qf4 44. Qa1
Ng3+ 45. Kg1 Qe3+ 46. Kh2 Qf2+ 47. Bg2 Nh5 48. Rd1 Re2 49. Qa8 Nf4 0-1

[Event "10th EICC"]
[Site "Budva MNE"]
[Date "2009.03.06"]
[Round "1"]
[White "Devereaux,M"]
[Black "Savchenko,B"]
[Result "0-1"]
[WhiteElo "2437"]
[BlackElo "2654"]
[EventDate "2009.03.06"]

1. e4 c5 2. Nc3 Nc6 3. Bb5 e6 4. Nf3 Nge7 5. e5 Qc7 6. Bxc6 Nxc6 7. Qe2 a6
8. d3 Nd4 9. Nxd4 cxd4 10. Nb1 b5 11. O-O Bb7 12. c3 dxc3 13. bxc3 Be7 14.
Bb2 f6 15. f4 O-O 16. Nd2 Rf7 17. d4 Raf8 18. a4 bxa4 19. Rxa4 Bc6 20. Raa1
fxe5 21. fxe5 Rxf1+ 22. Nxf1 Bb5 23. Qe4 Qb8 24. Ne3 Bg5 25. Ba3 Qa8 26. d5
Qa7 27. Bxf8 Qxe3+ 28. Qxe3 Bxe3+ 29. Kh1 Kxf8 30. dxe6 dxe6 31. Ra3 Bb6
0-1

[Event "10th EICC"]
[Site "Budva MNE"]
[Date "2009.03.06"]
[Round "1"]
[White "Postny,E"]
[Black "Valeanu,E"]
[Result "1-0"]
[WhiteElo "2652"]
[BlackElo "2432"]
[EventDate "2009.03.06"]

1. d4 c5 2. d5 Nf6 3. Nf3 g6 4. Nc3 d6 5. h3 Bg7 6. e4 O-O 7. Be2 Na6 8.
O-O Nc7 9. a4 a6 10. Bf4 Nd7 11. Qd2 Rb8 12. a5 Nb5 13. Nxb5 axb5 14. Bxb5
Bxb2 15. Ra2 Bh8 16. Re1 Ra8 17. e5 Nxe5 18. Nxe5 dxe5 19. Bxe5 Bxe5 20.
Rxe5 Qc7 21. Qe3 e6 22. Bc4 Rd8 23. dxe6 Rd1+ 24. Kh2 f6 25. e7+ Be6 26.
Bxe6+ Kg7 27. Rb2 Re8 28. Qxc5 Qxe5+ 29. Qxe5 fxe5 30. Rxb7 Ra1 31. Bd5 Kf6
32. Rb6+ Kxe7 33. a6 Rd8 34. c4 Rd7 35. Kg3 Kd8 36. f3 Kc7 37. Rc6+ Kb8 38.
Rb6+ Kc7 39. Rc6+ Kb8 40. Re6 Ka7 41. Kh4 Rxa6 42. Rxa6+ Kxa6 43. Kg5 Kb6
44. Kf6 Kc5 45. Kxe5 g5 46. g3 Rd6 47. Kf5 h6 48. Ke5 Ra6 49. f4 gxf4 50.
gxf4 Ra3 51. h4 Rh3 52. f5 Rxh4 53. f6 Rh5+ 54. Ke6 Rh2 55. f7 Rf2 56. Ke5
h5 57. Be6 Re2+ 58. Kf6 Rf2+ 59. Bf5 1-0

[Event "10th EICC"]
[Site "Budva MNE"]
[Date "2009.03.06"]
[Round "1"]
[White "Schroll,G"]
[Black "Berkes,F"]
[Result "0-1"]
[WhiteElo "2430"]
[BlackElo "2651"]
[EventDate "2009.03.06"]

1. e4 c5 2. c3 e6 3. d4 d5 4. exd5 exd5 5. Be3 c4 6. b3 cxb3 7. axb3 Bd6 8.
Bd3 Ne7 9. Qf3 Nd7 10. Bf4 Bxf4 11. Qxf4 O-O 12. Qd6 Qe8 13. Ne2 Nf6 14.
O-O Bf5 15. Nf4 Bxd3 16. Nxd3 Ng6 17. Re1 Qc8 18. Nb4 Rd8 19. Qg3 a5 20.
Nc2 Ne4 21. Qe3 Ra6 22. f3 Nd6 23. Qd2 Nf5 24. Nba3 Nfh4 25. Kh1 Rf6 26.
Ne3 h5 27. Nac2 b6 28. b4 Nf4 29. Rf1 Nfxg2 30. Nxg2 Nxf3 31. Qe2 Qxc3 32.
bxa5 bxa5 33. Qe3 Qxc2 34. Rxf3 Rdd6 35. Rxf6 Rxf6 36. h4 Rf2 37. Rc1 Qf5
38. Kg1 Rb2 39. Rf1 Qg4 40. Rf2 Qd1+ 41. Kh2 Rxf2 42. Qxf2 a4 43. Qf5 Qc1
44. Qxd5 Qc7+ 45. Qe5 Qxe5+ 46. dxe5 a3 47. Ne3 a2 48. Nc2 Kh7 49. Kg3 Kh6
50. Kf4 g5+ 51. hxg5+ Kg6 52. Na1 h4 53. Kg4 h3 54. Kxh3 Kxg5 55. Kg3 Kf5
56. Kf3 Kxe5 57. Ke3 f6 58. Kd3 f5 59. Kc3 f4 60. Kb2 Ke4 0-1

[Event "10th EICC"]
[Site "Budva MNE"]
[Date "2009.03.06"]
[Round "1"]
[White "Predojevic,B"]
[Black "Matsenko,S"]
[Result "1-0"]
[WhiteElo "2650"]
[BlackElo "2429"]
[EventDate "2009.03.06"]

1. e4 c5 2. Nf3 Nc6 3. d4 cxd4 4. Nxd4 Qc7 5. Nc3 e6 6. Be2 a6 7. O-O Nf6
8. Be3 Bb4 9. Na4 Be7 10. Nxc6 bxc6 11. Nb6 Rb8 12. Nxc8 Qxc8 13. Bd4 c5
14. Be5 Rb6 15. Qd3 d6 16. Bc3 O-O 17. b3 d5 18. exd5 Nxd5 19. Be5 Rd8 20.
Qg3 f6 21. Bb2 Rbd6 22. Rad1 e5 23. Qf3 Nf4 24. Bc4+ Kh8 25. Rxd6 Rxd6 26.
Bc1 Ne6 27. c3 Qd8 28. g3 g6 29. Qe2 Bf8 30. f4 Bg7 31. fxe5 fxe5 32. Qf3
Nc7 33. Be3 Rf6 34. Bg5 Rxf3 35. Bxd8 Rxf1+ 36. Kxf1 Nb5 37. Bxb5 axb5 38.
c4 b4 39. Be7 Bh6 40. Bxc5 Bd2 41. Ke2 Bc3 42. Kd3 Kg7 43. a4 1-0

[Event "10th EICC"]
[Site "Budva MNE"]
[Date "2009.03.06"]
[Round "1"]
[White "Bocharov,D"]
[Black "Martinovic,Sa"]
[Result "1/2-1/2"]
[WhiteElo "2647"]
[BlackElo "2427"]
[EventDate "2009.03.06"]

1. d4 Nf6 2. c4 g6 3. g3 Bg7 4. Bg2 d5 5. cxd5 Nxd5 6. e4 Nb6 7. Ne2 c5 8.
dxc5 Qxd1+ 9. Kxd1 Na4 10. Nbc3 Nxc5 11. Be3 Nba6 12. Kc2 Be6 13. Rad1 Rc8
14. Bd4 O-O 15. Bxg7 Kxg7 16. Rd4 Rfd8 17. Rhd1 Rxd4 18. Rxd4 b5 19. Kb1
Bc4 20. Nc1 e5 21. Rd6 b4 22. Nd1 Nb7 23. Rd2 Rd8 24. Rxd8 Nxd8 25. Ne3 Bb5
26. Kc2 Nc5 27. a3 bxa3 28. bxa3 Nc6 29. f4 f6 30. Nd5 f5 31. exf5 gxf5 32.
fxe5 Nxe5 33. Kc3 Ne6 34. Nb3 Ng4 35. Bh3 Ng5 36. Bxg4 fxg4 37. Nd4 Bd7 38.
Kd3 Nf3 39. Nxf3 gxf3 40. Ke3 Bg4 41. Nf4 Kf6 42. h3 Bd7 43. Kxf3 Ke5 44.
Ke3 a5 45. g4 a4 46. Nh5 Be8 47. Kd3 Bb5+ 48. Ke3 Be8 49. Ng3 h6 50. Nh5
Bxh5 51. gxh5 Kf5 52. Kd4 Kg5 53. Kc4 Kxh5 54. Kb5 1/2-1/2

[Event "10th EICC"]
[Site "Budva MNE"]
[Date "2009.03.06"]
[Round "1"]
[White "Arsovic,G"]
[Black "Beliavsky,A"]
[Result "1/2-1/2"]
[WhiteElo "2426"]
[BlackElo "2646"]
[EventDate "2009.03.06"]

1. d4 Nf6 2. Nf3 e6 3. c4 Bb4+ 4. Bd2 Qe7 5. g3 Nc6 6. Nc3 Bxc3 7. Bxc3 Ne4
8. Qc2 Nxc3 9. Qxc3 O-O 10. Bg2 a5 11. O-O d6 12. d5 Nb8 13. dxe6 fxe6 14.
Rac1 Nd7 15. Nd2 a4 16. b4 axb3 17. axb3 Qf6 18. Qxf6 gxf6 19. Ra1 Rb8 20.
Rfc1 Kf7 21. f4 Ke7 22. b4 Rd8 23. Nb3 c5 24. b5 Nb6 25. Kf2 Kd7 26. e4 e5
27. f5 Kc7 28. Bf1 Bd7 29. Ra7 Ra8 30. Rca1 Rxa7 31. Rxa7 Rg8 32. Be2 Kb8
33. Ra1 Be8 34. Nd2 Bf7 35. Ke3 Kc7 36. Ra3 Kb8 1/2-1/2

[Event "10th EICC"]
[Site "Budva MNE"]
[Date "2009.03.06"]
[Round "1"]
[White "Caruana,F"]
[Black "Klenburg,M"]
[Result "1-0"]
[WhiteElo "2646"]
[BlackElo "2426"]
[EventDate "2009.03.06"]

1. e4 e5 2. Nf3 Nc6 3. Bb5 a6 4. Ba4 Nf6 5. O-O Be7 6. Re1 b5 7. Bb3 d6 8.
c3 O-O 9. h3 Na5 10. Bc2 c5 11. d4 Qc7 12. Nbd2 cxd4 13. cxd4 Nc6 14. Nb3
a5 15. Be3 a4 16. Nbd2 Bd7 17. Rc1 Rac8 18. a3 Qb8 19. Qe2 Rc7 20. Bd3 Rfc8
21. Qf1 exd4 22. Nxd4 Nxd4 23. Rxc7 Rxc7 24. Bxd4 Bc6 25. e5 Nd7 26. e6
fxe6 27. Rxe6 Nc5 28. Bxc5 dxc5 29. Qe2 Qd8 30. Nf3 c4 31. Bc2 Bf8 32. Ne5
Bd5 33. Bxh7+ Kxh7 34. Qh5+ Kg8 35. Re8 Qe7 36. Rxe7 Rxe7 37. Ng6 Re1+ 38.
Kh2 Bd6+ 39. f4 Be4 40. Qh8+ Kf7 41. Ne5+ Bxe5 42. fxe5 Bd5 43. e6+ Bxe6
44. Qh5+ Kf8 45. Qc5+ Kg8 46. Qxb5 1-0

[Event "10th EICC"]
[Site "Budva MNE"]
[Date "2009.03.06"]
[Round "1"]
[White "Bajkovic,N"]
[Black "Drasko,M"]
[Result "0-1"]
[WhiteElo "2180"]
[BlackElo "2533"]
[EventDate "2009.03.06"]

1. d4 e6 2. Nf3 Nf6 3. e3 c5 4. Bd3 d5 5. c3 Nbd7 6. Nbd2 b6 7. O-O Bb7 8.
Ne5 g6 9. f4 Bg7 10. Ndf3 O-O 11. Qe2 Ne4 12. Bd2 f6 13. Nxd7 Qxd7 14. Be1
Qd6 15. Qc2 Rac8 16. Bxe4 dxe4 17. dxc5 Qxc5 18. Nd4 Bd5 19. Bf2 Rf7 20.
Rfd1 f5 21. Rd2 b5 22. Qd1 Bf6 23. Qe1 h6 24. g4 fxg4 25. Bh4 Bg7 26. Qg3
e5 27. Ne2 Bc4 28. b4 Qb6 29. Rad1 exf4 30. Qxg4 Rcf8 0-1

[Event "10th EICC"]
[Site "Budva MNE"]
[Date "2009.03.06"]
[Round "1"]
[White "Lubczynski,R"]
[Black "Khenkin,I"]
[Result "1/2-1/2"]
[WhiteElo "2423"]
[BlackElo "2644"]
[EventDate "2009.03.06"]

1. Nf3 d5 2. c4 c6 3. e3 Nf6 4. Qc2 g6 5. b3 Bg7 6. Bb2 O-O 7. Be2 Bf5 8.
d3 Na6 9. a3 Nc5 10. cxd5 Qxd5 11. e4 Qxb3 12. Qxb3 Nxb3 13. exf5 Nxa1 14.
Bxa1 gxf5 15. Nbd2 Rfd8 16. Nb3 Nd5 17. Kd2 Bh6+ 18. Kc2 c5 19. g3 Rac8 20.
Rb1 b5 21. Na5 a6 22. Bf1 f6 23. Re1 Kf7 24. Be2 e6 25. Nh4 Ne7 26. f4 Ng6
27. Nf3 Bf8 28. a4 Rd7 1/2-1/2

[Event "10th EICC"]
[Site "Budva MNE"]
[Date "2009.03.06"]
[Round "1"]
[White "Nyback,T"]
[Black "Maksimovic,Br"]
[Result "1-0"]
[WhiteElo "2644"]
[BlackElo "2423"]
[EventDate "2009.03.06"]

1. d4 Nf6 2. c4 e6 3. Nf3 b6 4. g3 Ba6 5. Qc2 d5 6. cxd5 exd5 7. Bg2 Bd6 8.
Bg5 O-O 9. Nc3 Re8 10. O-O Nbd7 11. Nxd5 Rxe2 12. Qb3 c6 13. Nxf6+ Nxf6 14.
Rfd1 h6 15. Ne5 Bxe5 16. dxe5 Qe8 17. Bxf6 gxf6 18. Qa4 Bb5 19. Qg4+ Kh8
20. a4 Ba6 21. exf6 Qg8 22. Qxg8+ Rxg8 23. Bf1 Rg6 24. Rd6 1-0